000 00866nam a2200265 i 4500
003 DO-SdBNP
005 20240619103904.0
007 ta
008 240619s1995 dr ac 000 j spa d
040 _aDO-SdBNP
_bspa
_cBNPHU
_erda
082 _bV145
_222
100 1 _aValdez, Pedro Antonio,
_d1968-
_922509
_eautor
245 1 0 _aHistoria del carnaval Vegano /
_cPedro Antonio Valdez ; prólogo Fradique Lizardo
264 1 _aSanto Domingo :
_bFutura RD,
_c2023.
300 _a181 páginas,
_c23 cm.
336 _2rdacontent
_atexto
_btxt
337 _2rdamedia
_asin mediación
_bn
338 _2rdacarrier
_avolumen
_bnc
500 _aIncluye datos biográficos del autor en la página 186.
504 _aBibliografía p: 69-71
590 _aInventariado, 2024/ YL
700 1 _aLizardo, Fradique
_eprólogo
_985709
910 _aYLockward
942 _2ddc
_cLBS1
999 _c56891
_d56891